| 000 | 00475 a2200193 4500 | ||
|---|---|---|---|
| 005 | 20260310112238.0 | ||
| 008 | 260310b |||||||| |||| 00| 0 eng d | ||
| 020 |
_a9789384007324 _cRs. 895.00 |
||
| 040 | _aMAIN | ||
| 082 |
_a612 _bK529T(2) |
||
| 100 | _aKrishna, A P | ||
| 245 | _aTextbook of medical physiology | ||
| 250 | _a2nd | ||
| 260 |
_bMedtech _c2024 _aNew Delhi |
||
| 300 | _axvi, 463 | ||
| 650 | _aMedical Physiology | ||
| 650 | _aPhysiology | ||
| 942 | _cBK | ||
| 999 |
_c395214 _d395214 |
||